000 00807cam a2200241 a 4500
001 000010053
005 20200929161824.0
008 930611s1992 sp ac 001 p spa d
020 _a8475172091
040 _aDO-SdBNP
_bspa
_cCSdu
_dBNPHU
_dDLC
082 _a861.64
_bP191p, 1992
100 1 _aPanero, Leopoldo María,
_d1948-
_q(Leopoldo María Panero Blanc)
_925026
245 1 0 _aPoemas del manicomio de Mondragón /
_cLeopoldo María Panero.
260 _aMadrid, (España) :
_bHiperión,
_c1992.
300 _a60 p. :
_bil., retrs. ;
_c20 cm.
490 1 _aPoesía Hiperión
_v114
650 4 _aPoesía española
_9631
650 4 _aLiteratura española
_9632
650 4 _aLocos
_xPoesía
_925027
830 0 _aPoesía Hiperión ;
_v114
_914707
910 _aCatalogación por copia / LC
049 _aBNGR
999 _c9812
_d9812